El derecho individual del trabajo : (Registro nro. 21730)
[ vista simple ]
| 000 -Cabecera | |
|---|---|
| Campo de control interno | 01189nam a2200229Ia 4500 |
| 005 - Fecha y hora del registro | |
| control field | 20260407085446.0 |
| 008 - Elementos de Longitud Fija | |
| fixed length control field | 260320s9999||||xx |||||||||||||| ||und|| |
| 020 ## - ISBN | |
| ISBN | 9786123330569 |
| 041 ## - Idioma | |
| Codigo Idioma | ESP |
| 082 ## - DEWEY y NOTACIÓN INTERNA | |
| Dewey | 348.6 |
| Notación Interna | T869 |
| 100 ## - AUTOR | |
| Autor denominación | Toyama Miyagusuku, Jorge, |
| Término de relación | autor |
| 245 #0 - TÍTULO DE MATERIAL BIBLIOGRÁFICO | |
| Título | El derecho individual del trabajo : |
| Título paralelo | un enfoque teórico-práctico |
| 250 ## - EDICIÓN | |
| Edición | Tercera edición |
| 260 ## - CIUDAD, EDITORIAL, AÑO | |
| Ciudad | Lima : |
| Nombre de la Editorial | Gaceta Jurídica, |
| Año | 2023 |
| 300 ## - DESCRIPCIÓN | |
| N° Páginas | 862 páginas : |
| Dimensiones | 25 cm. |
| 650 ## - TEMAS | |
| Temas | Ciencias Sociales |
| 653 ## - DESCRIPTORES | |
| Lenguajes no controlado | Derecho; Derecho del trabajo |
| 654 ## - PROGRAMAS | |
| Programa | Dpto. de Derecho y Ciencia Política |
| 856 ## - URL - UBICACIÓN | |
| URI/URL: Enlace exacto del recurso | <a href="https://palestra-tirantonline-com.ucsp.lookproxy.com/base/per/biblioteca_virtual/9786123251765?general=derecho+individual+del+trabajo&index=2&navigate_url=%2Fbase%2Fper%2Fbibliotecavirtual%2Fsearches%2Fnavigate%3Ftoken_id%3D6901002f0a1893000e10e268&next_index=3&num_found=8775&pais=per&prev_index=1&route=ser&search_type=bibliotecavirtual&search_url=%2Fbase%2Fper%2Fbibliotecavirtual%2Fsearches%3Findex%3D2%26token_id%3D6901002f0a1893000e10e268&token_id=6901002f0a1893000e10e268&tolgeo=latam">https://palestra-tirantonline-com.ucsp.lookproxy.com/base/per/biblioteca_virtual/9786123251765?general=derecho+individual+del+trabajo&index=2&navigate_url=%2Fbase%2Fper%2Fbibliotecavirtual%2Fsearches%2Fnavigate%3Ftoken_id%3D6901002f0a1893000e10e268&next_index=3&num_found=8775&pais=per&prev_index=1&route=ser&search_type=bibliotecavirtual&search_url=%2Fbase%2Fper%2Fbibliotecavirtual%2Fsearches%3Findex%3D2%26token_id%3D6901002f0a1893000e10e268&token_id=6901002f0a1893000e10e268&tolgeo=latam</a> |
| Nota pública: Versión digital | <a href="Véase además: Derecho individual del trabajo en el Perú. Versión digital">Véase además: Derecho individual del trabajo en el Perú. Versión digital</a> |
| 942 ## - ELEMENTOS DE KOHA | |
| Tipo de documento | Libro |
| Nombre del creador | Justo Noguera |
| Código de catalogador | Tania Ramirez |
| Esquema de clasificación | Dewey Decimal Classification |
| Codigo completo | Registro | Colección | Copia número | Disponibilidad | Tipo de préstamo | Biblioteca Actual | Procedencia (Biblioteca) | Ubicacón | Fecha Ingreso | Tipo de Adquisición | Date last seen | Total checkouts | Price effective from | Tipo de Item | Estado del Material | Fuente de Clasificación | Damaged status | Withdrawn status |
|---|---|---|---|---|---|---|---|---|---|---|---|---|---|---|---|---|---|---|
| 348.6 T869 | 1085283 | Universidad Católica San Pablo | 1 | Disponible | Disponible | Víctor Andrés Belaunde | Víctor Andrés Belaunde | Primer piso | 07/04/2026 | Suscripción | 07/04/2026 | 07/04/2026 | Libro | Bueno | Dewey Decimal Classification |




